[Event "4NCL Division 4 South"]
[Site "Maidenhead, ENG"]
[Date "2020.02.08"]
[Round "5.82"]
[White "Frostick, Helen M"]
[Black "Nwachukwu, Chino"]
[Result "0-1"]
[WhiteElo "1879"]
[BlackElo "1945"]
[PlyCount "80"]
[EventDate "2020.02.08"]
[WhiteTeam "CSC 3"]
[BlackTeam "Throw in the Tal"]

1. e4 c5 2. Nf3 d6 3. d4 cxd4 4. Nxd4 Nf6 5. Nc3 a6 6. f3 e6 7. Be2 Be7 8. Be3
Nbd7 9. Qd2 Qc7 10. O-O-O b5 11. Bd3 O-O 12. g4 Ne5 13. h4 b4 14. Nce2 d5 15.
g5 Nxd3+ 16. Qxd3 dxe4 17. fxe4 Ng4 18. Bf4 e5 19. Bg3 Rd8 20. Qb3 g6 21. Rhf1
Bc5 22. Qf3 Qe7 23. Nc6 Rxd1+ 24. Rxd1 Qe6 25. Na5 Bb6 26. Nb3 a5 27. Kb1 a4
28. Nbc1 Ba6 29. Nd3 Ne3 30. Rc1 b3 31. Nb4 bxc2+ 32. Ka1 Bxe2 33. Qxe2 a3 34.
Rxc2 Nxc2+ 35. Qxc2 Rc8 36. Qd1 Bd4 37. Nd3 Qc4 38. Kb1 axb2 39. Nxb2 Rb8 40.
Qc2 Qf1+ 0-1

[Event "4NCL Division 4 South"]
[Site "Maidenhead, ENG"]
[Date "2020.02.08"]
[Round "5.83"]
[White "Goodwin, Ed H"]
[Black "Vachtfeidl, Petr"]
[Result "0-1"]
[WhiteElo "1930"]
[BlackElo "1853"]
[PlyCount "100"]
[EventDate "2020.02.08"]
[WhiteTeam "Throw in the Tal"]
[BlackTeam "CSC 3"]

1. d4 Nf6 2. Bf4 g6 3. Nc3 d5 4. e3 Bg7 5. Nf3 O-O 6. Be2 c5 7. O-O cxd4 8.
exd4 Nc6 9. Ne5 Qb6 10. Nxc6 bxc6 11. Na4 Qa5 12. c3 Ba6 13. Bxa6 Qxa6 14. Nc5
Qc8 15. h3 Nd7 16. Nxd7 Qxd7 17. Re1 Rfc8 18. Qe2 e6 19. Rad1 c5 20. dxc5 Rxc5
21. Be5 Qb5 22. Bd6 Qxe2 23. Rxe2 Rc6 24. Bg3 Ra6 25. a3 Rc8 26. f3 Ra4 27. Kf1
Rac4 28. Be5 Bxe5 29. Rxe5 Rb8 30. Re2 h5 31. Kf2 Kg7 32. Ke3 Kf6 33. Rd4 Rbc8
34. Rxc4 Rxc4 35. Kd3 Ra4 36. Rc2 Rc4 37. b3 Rc7 38. c4 dxc4+ 39. bxc4 Ke5 40.
g3 h4 41. Re2+ Kf5 42. gxh4 Kf4 43. h5 gxh5 44. Rg2 e5 45. Kc3 f5 46. Re2 h4
47. Kb4 e4 48. fxe4 fxe4 49. Rf2+ Kg3 50. Rf8 Re7 0-1

[Event "4NCL Division 4 South"]
[Site "Maidenhead, ENG"]
[Date "2020.02.08"]
[Round "5.84"]
[White "John, Joshua"]
[Black "Riou-Durand, Lionel"]
[Result "1/2-1/2"]
[WhiteElo "1755"]
[BlackElo "1950"]
[PlyCount "118"]
[EventDate "2020.02.08"]
[WhiteTeam "CSC 3"]
[BlackTeam "Throw in the Tal"]

1. d4 e6 2. Nf3 f5 3. c4 Nf6 4. Nc3 Bb4 5. Qc2 b6 6. Bf4 Ne4 7. h4 O-O 8. e3
Bb7 9. Bd3 d6 10. Ng5 Bxc3+ 11. bxc3 Nxg5 12. Bxg5 Qe8 13. e4 e5 14. exf5 Bxg2
15. Rg1 e4 16. Be2 Bf3 17. f6 Rf7 18. fxg7 Rxg7 19. O-O-O Nc6 20. Bxf3 exf3 21.
Bh6 Rg2 22. Rxg2+ fxg2 23. Rg1 Qg6 24. Qxg6+ hxg6 25. Rxg2 Kh7 26. Be3 Na5 27.
c5 dxc5 28. dxc5 b5 29. c6 Nxc6 30. Rg5 a6 31. Rc5 Nd8 32. Rxc7+ Kg8 33. Kd2
Nf7 34. Bd4 Rd8 35. Ra7 Rd6 36. Ke3 Nh6 37. Rg7+ Kf8 38. Rh7 Nf5+ 39. Ke4 Nxd4
40. cxd4 Rf6 41. f3 Re6+ 42. Kf4 Rf6+ 43. Kg3 Rd6 44. Ra7 b4 45. f4 Rxd4 46.
Rxa6 Kg7 47. Kg4 Rd5 48. Rb6 Ra5 49. Rxb4 Rxa2 50. Rb5 Rg2+ 51. Kh3 Ra2 52. h5
gxh5 53. Rxh5 Ra6 54. Kg4 Rb6 55. Ra5 Rc6 56. f5 Rc1 57. Ra6 Rg1+ 58. Kf4 Kf7
59. Ke5 Re1+ 1/2-1/2

[Event "4NCL Division 4 South"]
[Site "Maidenhead, ENG"]
[Date "2020.02.08"]
[Round "5.85"]
[White "Ireland, David J"]
[Black "Homolka, Vincent"]
[Result "1/2-1/2"]
[WhiteElo "1961"]
[BlackElo "1743"]
[PlyCount "135"]
[EventDate "2020.02.08"]
[WhiteTeam "Throw in the Tal"]
[BlackTeam "CSC 3"]

1. e4 d5 2. exd5 Qxd5 3. Nc3 Qa5 4. d4 Nf6 5. Nf3 c6 6. Bc4 Bf5 7. Ne5 e6 8.
Bd2 Nbd7 9. Qe2 Qc7 10. Bf4 Bd6 11. h3 Nb6 12. Bb3 Nbd5 13. Bd2 Nxc3 14. Bxc3
Ne4 15. g4 Nxc3 16. bxc3 Bg6 17. f4 Bxe5 18. fxe5 O-O-O 19. O-O-O c5 20. Qc4
cxd4 21. cxd4 Qxc4 22. Bxc4 Rd7 23. Kb2 Rhd8 24. c3 Kb8 25. h4 Rc7 26. Bd3 Bxd3
27. Rxd3 b6 28. Rf1 Kb7 29. Rdf3 Rdd7 30. g5 b5 31. a3 Kc6 32. h5 Kd5 33. g6
hxg6 34. hxg6 fxg6 35. Kb3 Rb7 36. Rf8 g5 37. Rg1 Rf7 38. Rd8+ Rbd7 39. Rxd7+
Rxd7 40. Rxg5 Rc7 41. Rg6 Re7 42. Kb4 Rc7 43. Rg3 Kc6 44. Rg1 Rf7 45. Rg6 Re7
46. c4 bxc4 47. Kxc4 Kd7 48. d5 exd5+ 49. Kxd5 Ke8 50. e6 Rb7 51. Rg4 Rb5+ 52.
Kc4 Re5 53. Rxg7 Rxe6 54. Rxa7 Kd8 55. Kd5 Re1 56. Kc6 Re6+ 57. Kd5 Re1 58. Rb7
Kc8 59. Rb4 Rc1 60. a4 Rc7 61. a5 Rb7 62. Ra4 Kb8 63. Kc5 Ka7 64. a6 Rb6 65.
Rh4 Kxa6 66. Ra4+ Kb7 67. Rb4 Rxb4 68. Kxb4 1/2-1/2

[Event "4NCL Division 4 South"]
[Site "Maidenhead, ENG"]
[Date "2020.02.08"]
[Round "5.86"]
[White "Kumar, Soham"]
[Black "Davidson, Laura"]
[Result "1-0"]
[WhiteElo "1598"]
[BlackElo "1727"]
[PlyCount "107"]
[EventDate "2020.02.08"]
[WhiteTeam "CSC 3"]
[BlackTeam "Throw in the Tal"]

1. e4 e5 2. Nf3 Nc6 3. Bb5 a6 4. Ba4 Nf6 5. O-O b5 6. Bb3 Bc5 7. Re1 d6 8. h3
O-O 9. c3 h6 10. d4 Bb6 11. a4 Bb7 12. Bc2 Re8 13. d5 Ne7 14. Nbd2 Ng6 15. g3
Nh5 16. Nf1 Qd7 17. Kg2 Bc8 18. Ng1 Nf6 19. axb5 a5 20. Ne3 Qd8 21. b4 Bd7 22.
bxa5 Rxa5 23. Rxa5 Bxa5 24. Qd3 Nh5 25. Ne2 Qc8 26. Rh1 Rf8 27. c4 Re8 28. Bd2
Bb6 29. Qa3 Qd8 30. h4 Bc8 31. Ba5 Bc5 32. Bb4 Bb6 33. c5 dxc5 34. Bxc5 Qf6 35.
Bxb6 Qxb6 36. Qb3 Nf6 37. Nc4 Qc5 38. Bd3 Ng4 39. Rf1 Bd7 40. b6 cxb6 41. Qxb6
Qe7 42. Ne3 Nf6 43. Rc1 Qa3 44. Rc3 Qa1 45. Rc7 Bh3+ 46. Kh2 Qe1 47. d6 Nf4 48.
gxf4 Qxf2+ 49. Kxh3 exf4 50. d7 Rf8 51. Qc5 Qf3+ 52. Kh2 fxe3 53. Qxf8+ Kxf8
54. Rc8+ 1-0

[Event "4NCL Division 4 South"]
[Site "Maidenhead, ENG"]
[Date "2020.02.08"]
[Round "5.91"]
[White "Flynn, David"]
[Black "Tucker, David S"]
[Result "0-1"]
[WhiteElo "1900"]
[BlackElo "2002"]
[PlyCount "64"]
[EventDate "2020.02.08"]
[WhiteTeam "Ashfield 2"]
[BlackTeam "War and Piece"]

1. e4 c5 2. c3 d5 3. exd5 Qxd5 4. d4 Nc6 5. Nf3 cxd4 6. cxd4 e5 7. Nc3 Bb4 8.
Bd2 Bxc3 9. Bxc3 e4 10. Ne5 Nxe5 11. dxe5 Ne7 12. Qe2 O-O 13. Rd1 Qc6 14. Rd6
Qa4 15. Rd4 Qxa2 16. Qxe4 Be6 17. Ra4 Bf5 18. Rxa2 Bxe4 19. f3 Bd5 20. Ra4 Bc6
21. Ra1 Nd5 22. Bd4 Nb4 23. Rc1 Rfd8 24. Bc3 Na2 25. Rd1 Rxd1+ 26. Kxd1 Ba4+
27. Ke1 Nxc3 28. bxc3 Rc8 29. Kd2 Rd8+ 30. Ke3 Rd1 31. g3 Bb5 32. Bg2 Rd3+ 0-1

[Event "4NCL Division 4 South"]
[Site "Maidenhead, ENG"]
[Date "2020.02.08"]
[Round "5.92"]
[White "Onley, David E"]
[Black "Bromilow, Edward T"]
[Result "1-0"]
[WhiteElo "2079"]
[BlackElo "1862"]
[PlyCount "55"]
[EventDate "2020.02.08"]
[WhiteTeam "War and Piece"]
[BlackTeam "Ashfield 2"]

1. e4 d6 2. d4 Nf6 3. Nc3 g6 4. Bc4 Bg7 5. Qe2 e5 6. dxe5 dxe5 7. Bd2 c6 8.
O-O-O Qc7 9. f4 b5 10. Bxb5 a5 11. Bc4 Bg4 12. Nf3 Nbd7 13. h3 Bxf3 14. Qxf3
O-O 15. f5 Nb6 16. Bd3 a4 17. a3 Kh8 18. g4 Rfb8 19. Rdg1 Qb7 20. Nd1 c5 21. g5
Nh5 22. Bc3 Qc7 23. h4 Rd8 24. Nf2 c4 25. Be2 Re8 26. Qe3 Nf4 27. h5 Bf8 28.
Qxf4 1-0

[Event "4NCL Division 4 South"]
[Site "Maidenhead, ENG"]
[Date "2020.02.08"]
[Round "5.93"]
[White "Graham, Neil"]
[Black "Fielding, Michael"]
[Result "1/2-1/2"]
[WhiteElo "1795"]
[BlackElo "1781"]
[PlyCount "65"]
[EventDate "2020.02.08"]
[WhiteTeam "Ashfield 2"]
[BlackTeam "War and Piece"]

1. d4 f5 2. e4 fxe4 3. Nc3 Nf6 4. Bg5 e6 5. Nxe4 Be7 6. Nxf6+ Bxf6 7. Bxf6 Qxf6
8. Qh5+ g6 9. Qe5 O-O 10. Qxf6 Rxf6 11. f3 Nc6 12. O-O-O Nb4 13. a3 Nd5 14. Kd2
b6 15. c4 Ne7 16. Ne2 c5 17. Kc3 d5 18. Ng3 cxd4+ 19. Rxd4 e5 20. Rd2 d4+ 21.
Kc2 Bb7 22. Bd3 Rc8 23. Re1 Nc6 24. b3 Re8 25. Ne4 Rfe6 26. Kb2 Nd8 27. c5 Bd5
28. cxb6 Rxb6 29. b4 Nf7 30. Rc2 a5 31. b5 Bxe4 32. fxe4 a4 33. Rc5 1/2-1/2

[Event "4NCL Division 4 South"]
[Site "Maidenhead, ENG"]
[Date "2020.02.08"]
[Round "5.94"]
[White "Chapman, Chas"]
[Black "Hill, Maurice J"]
[Result "1/2-1/2"]
[WhiteElo "1709"]
[BlackElo "1765"]
[PlyCount "85"]
[EventDate "2020.02.08"]
[WhiteTeam "War and Piece"]
[BlackTeam "Ashfield 2"]

1. e4 c5 2. Nf3 a6 3. d3 Nc6 4. Be2 e6 5. O-O Nf6 6. Bg5 Be7 7. c3 d6 8. Qc2
Bd7 9. Rd1 Rc8 10. d4 cxd4 11. Nxd4 Qc7 12. Nxc6 Bxc6 13. f3 O-O 14. Kh1 d5 15.
Bxf6 Bxf6 16. exd5 Bxd5 17. Nd2 b5 18. Ne4 Be5 19. h3 Qc6 20. a3 a5 21. Qd3 Bb3
22. Re1 Bc4 23. Qc2 h6 24. Bxc4 bxc4 25. Red1 f5 26. Nd2 Rf7 27. Nf1 Bb8 28.
Qe2 e5 29. Nh2 Qc7 30. g3 Qb7 31. Kg2 g5 32. Rf1 Qc7 33. Qf2 Rcf8 34. Qe1 Rd7
35. Rd1 Rfd8 36. Rxd7 Qxd7 37. Rf2 Qd5 38. Qe2 Qd3 39. a4 Rd5 40. g4 f4 41. Qe4
Kg7 42. Nf1 Ba7 43. Rd2 1/2-1/2

[Event "4NCL Division 4 South"]
[Site "Maidenhead, ENG"]
[Date "2020.02.08"]
[Round "5.95"]
[White "Thomson, James L"]
[Black "O'Byrne, Daniel"]
[Result "0-1"]
[WhiteElo "1750"]
[BlackElo "1669"]
[PlyCount "128"]
[EventDate "2020.02.08"]
[WhiteTeam "Ashfield 2"]
[BlackTeam "War and Piece"]

1. d4 Nf6 2. c4 c5 3. d5 b5 4. cxb5 a6 5. Nc3 axb5 6. e4 b4 7. Nb5 d6 8. Bd3
Qb6 9. Qe2 g6 10. Nf3 Bd7 11. e5 dxe5 12. Nxe5 Nxd5 13. Nxd7 Nxd7 14. O-O Bg7
15. Bc4 N7f6 16. Bd2 O-O 17. a3 bxa3 18. Rxa3 Rxa3 19. bxa3 e6 20. Qd3 Ra8 21.
Rb1 Nc7 22. Qd6 Qxd6 23. Nxd6 Nfd5 24. Rb3 Bf8 25. Ne4 Kg7 26. h3 Ra4 27. Bxd5
exd5 28. Nc3 Ra8 29. Rb7 Bd6 30. Bc1 Be5 31. Bb2 d4 32. Nb5 Ne6 33. Rd7 Kf8 34.
Kf1 Ra4 35. g3 Rc4 36. Rb7 Rc2 37. Na7 c4 38. a4 c3 39. Ba3+ Kg7 40. Nc6 Bf6
41. Nb4 Rd2 42. Ke1 Nc5 43. Rb5 Ne4 44. Bc1 Rxf2 45. a5 d3 46. Nxd3 Ra2 47. Nb4
Ra1 48. Kd1 Bg5 49. Rxg5 Nxg5 50. a6 Ne4 51. Kc2 Nc5 52. a7 Rxa7 53. Be3 Rc7
54. Nd5 Rc6 55. Ne7 Rc7 56. Nd5 Rd7 57. Bd4+ f6 58. Bxc5 Rxd5 59. Bb4 Rf5 60.
Bd6 Rf3 61. Bb8 Kf7 62. Bc7 Ke6 63. Kc1 Kd5 64. Kc2 Kc4 0-1

[Event "4NCL Division 4 South"]
[Site "Maidenhead, ENG"]
[Date "2020.02.08"]
[Round "5.96"]
[White "Ross, David C"]
[Black "Dabner, Tom"]
[Result "1/2-1/2"]
[WhiteElo "1679"]
[BlackElo "1690"]
[PlyCount "105"]
[EventDate "2020.02.08"]
[WhiteTeam "War and Piece"]
[BlackTeam "Ashfield 2"]

1. e4 d5 2. exd5 Nf6 3. Nc3 Nxd5 4. d4 Bf5 5. Nxd5 Qxd5 6. Be3 Nc6 7. Ne2 e6 8.
Nf4 Qd7 9. c3 Bd6 10. Bd3 Ne7 11. O-O O-O 12. Re1 c6 13. Bc2 Qc7 14. Bxf5 Nxf5
15. Qg4 Nxe3 16. fxe3 Rae8 17. h4 Bxf4 18. exf4 c5 19. dxc5 Qxc5+ 20. Kh1 Rd8
21. Rad1 Qf2 22. Rf1 Qxb2 23. Qf3 Qxa2 24. Ra1 Qc4 25. Qxb7 Qxc3 26. Qxa7 Qg3
27. Qf2 Qg4 28. Ra5 h6 29. Ra3 Rd1 30. Rxd1 Qxd1+ 31. Kh2 Rd8 32. Rg3 Qc1 33.
Qe3 Qb1 34. Qe5 g6 35. h5 Rd1 36. Rc3 Rh1+ 37. Kg3 Qe1+ 38. Qxe1 Rxe1 39. hxg6
fxg6 40. Rc7 $11 e5 41. fxe5 Rxe5 42. Kf3 Rf5+ 43. Kg4 Rf7 44. Rc6 Kg7 45. Kh4
Rf4+ 46. Kg3 g5 47. Kh3 h5 48. g3 Rf6 49. Rc7+ Kg6 50. Rc8 Rf2 51. Rg8+ Kh6 52.
Rh8+ Kg6 53. Rg8+ 1/2-1/2

[Event "4NCL Division 4 South"]
[Site "Maidenhead, ENG"]
[Date "2020.02.08"]
[Round "5.101"]
[White "Spanton, Tim R"]
[Black "Cheung, Ryan"]
[Result "1-0"]
[WhiteElo "1854"]
[BlackElo "1681"]
[PlyCount "245"]
[EventDate "2020.02.08"]
[WhiteTeam "Wessex C"]
[BlackTeam "West is Best 3"]

1. e4 e5 2. Nf3 Nc6 3. Bb5 a6 4. Bxc6 dxc6 5. d4 exd4 6. Qxd4 Qxd4 7. Nxd4 Bd7
8. Be3 O-O-O 9. Nd2 Ne7 10. f3 c5 11. N4b3 b6 12. a4 Nc6 13. Ke2 Be6 14. c3 f5
15. exf5 Bxf5 16. Ne4 h6 17. Rad1 Be7 18. Rxd8+ Rxd8 19. Rd1 Ne5 20. Rxd8+ Kxd8
21. Nbd2 Be6 22. Bf4 Nc4 23. b3 Nxd2 24. Nxd2 a5 25. Be5 g6 26. c4 Bd6 27. Bf6+
Kd7 28. g3 Bf5 29. Ne4 Ke6 30. Bc3 h5 31. Ke3 Be5 32. Bxe5 Kxe5 33. f4+ Ke6 34.
Nd2 Bc2 35. h3 Kf5 36. Ke2 g5 37. fxg5 Kxg5 38. Kf3 Bf5 39. Ne4+ Kg6 40. g4 Bd7
41. gxh5+ Kh6 42. h4 Bh3 43. Ng3 Bd7 44. Kf4 c6 45. Ke5 Bg4 46. Kd6 Bf3 47. Kc7
b5 48. cxb5 cxb5 49. axb5 c4 50. bxc4 a4 51. Nf5+ Kxh5 52. Nd4 Bd1 53. b6 a3
54. b7 a2 55. b8=Q a1=Q 56. Qh8+ Kg4 57. Qg7+ Kh3 58. Qd7+ Bg4 59. Qd5 Kxh4 60.
Nb5 Qg7+ 61. Kb6 Qf6+ 62. Nd6 Qb2+ 63. Kc5 Qa3+ 64. Kd4 Qb2+ 65. Kc5 Qa3+ 66.
Kb6 Bf3 67. Qd4+ Kh3 68. Nb5 Qa8 69. Qd7+ Kg2 70. Qc7 Qf8 71. c5 Qf6+ 72. Qd6
Qg5 73. Nd4 Bg4 74. c6 Qc1 75. Qd5+ Kh3 76. c7 Qb2+ 77. Nb5 Qf2+ 78. Qd4 Qf5
79. Nd6 Qb1+ 80. Ka7 Qa2+ 81. Kb8 Qb3+ 82. Nb7 Qg3 83. Qh8+ Kg2 84. Qb2+ Kg1
85. Qb6+ Kg2 86. Nd6 Qh3 87. Qb2+ Kg1 88. Ne4 Qf3 89. Qd4+ Kg2 90. Qd2+ Kg1 91.
Qb4 Qf4 92. Qb1+ Kg2 93. Qb2+ Kf3 94. Nf6 Bf5 95. Qc3+ Kf2 96. Nd5 Qf3 97. Qd2+
Kg3 98. Qe1+ Kg4 99. Ne3+ Kf4 100. Nxf5 Qb3+ 101. Kc8 Kxf5 102. Qe8 Qb6 103.
Qe7 Kf4 104. Kd7 Qb5+ 105. Kd8 Qd5+ 106. Ke8 Qa8+ 107. Kf7 Qd5+ 108. Kg6 Qg2+
109. Kh7 Qh3+ 110. Kg8 Qg4+ 111. Kf8 Qc8+ 112. Kf7 Kf3 113. Qd8 Qb7 114. Qd7
Qb3+ 115. Kf8 Qb4+ 116. Qe7 Qb7 117. Kg7 Kg3 118. Qe5+ Kf3 119. Kg6 Kg2 120.
Kg5 Qc8 121. Qe4+ Kg3 122. Qf4+ Kh3 123. Qh4+ 1-0

[Event "4NCL Division 4 South"]
[Site "Maidenhead, ENG"]
[Date "2020.02.08"]
[Round "5.102"]
[White "Melsom, Jonathan T"]
[Black "Pentakota, Rajasekhar"]
[Result "0-1"]
[WhiteElo "1696"]
[BlackElo "1839"]
[PlyCount "56"]
[EventDate "2020.02.08"]
[WhiteTeam "West is Best 3"]
[BlackTeam "Wessex C"]

1. e4 c5 2. c3 e6 3. d4 cxd4 4. cxd4 d5 5. e5 Nc6 6. Nf3 Nge7 7. Na3 a6 8. Nc2
Nf5 9. Bd3 Qb6 10. O-O Bd7 11. Bxf5 exf5 12. Ne3 Be6 13. b3 Be7 14. Bb2 O-O 15.
Qd2 a5 16. Bc3 h6 17. Qd3 g6 18. Nc2 f4 19. Rfd1 Bf5 20. Qd2 g5 21. Nfe1 Rac8
22. Rac1 Kh7 23. Nd3 Qc7 24. a4 b6 25. f3 Nxe5 26. dxe5 Qxc3 27. Qxc3 Rxc3 28.
Nce1 Rfc8 0-1

[Event "4NCL Division 4 South"]
[Site "Maidenhead, ENG"]
[Date "2020.02.08"]
[Round "5.103"]
[White "Krawczuk, Michael J"]
[Black "Di-Vetta, Andrew"]
[Result "1-0"]
[WhiteElo "1823"]
[BlackElo "1720"]
[PlyCount "47"]
[EventDate "2020.02.08"]
[WhiteTeam "Wessex C"]
[BlackTeam "West is Best 3"]

1. e4 c5 2. Nf3 Nc6 3. c3 d5 4. exd5 Qxd5 5. d4 Nf6 6. Be2 Bg4 7. c4 Qd6 8. d5
Ne5 9. O-O Ng6 10. h3 Bf5 11. Nc3 a6 12. Qb3 Rb8 13. Be3 Nf4 14. Rad1 b6 15.
Rfe1 Nd7 16. Nh4 Bg6 17. Bg4 b5 18. cxb5 axb5 19. Nxb5 Qf6 20. Qa4 Nb6 21. Qxf4
Qxf4 22. Bxf4 Rb7 23. Nxg6 hxg6 24. Nd6+ 1-0

[Event "4NCL Division 4 South"]
[Site "Maidenhead, ENG"]
[Date "2020.02.08"]
[Round "5.104"]
[White "Eckert, Jonathan"]
[Black "Moore, Gillian A"]
[Result "1-0"]
[WhiteElo "1697"]
[BlackElo "1798"]
[PlyCount "71"]
[EventDate "2020.02.08"]
[WhiteTeam "West is Best 3"]
[BlackTeam "Wessex C"]

1. e4 c6 2. d3 d5 3. Nd2 e5 4. Ngf3 Qc7 5. g3 Nf6 6. Bg2 Bc5 7. O-O Bg4 8. h3
Bh5 9. g4 Bg6 10. exd5 Nxd5 11. Nxe5 O-O 12. Ndf3 Bd6 13. Re1 Na6 14. a3 Rae8
15. d4 Qd8 16. c4 Ne7 17. Bf4 f6 18. Nxg6 Nxg6 19. Bxd6 Qxd6 20. Qd2 Rd8 21.
Rad1 Nc7 22. b4 Qd7 23. d5 cxd5 24. Nd4 dxc4 25. Qc2 Qf7 26. Bxb7 Ne5 27. Be4
Ng6 28. Bf5 Rfe8 29. Nc6 Rxd1 30. Rxd1 Nf8 31. Nd8 Qe7 32. Qxc4+ Nce6 33. Nxe6
Nxe6 34. Re1 Kf7 35. Rxe6 Qf8 36. Re3+ 1-0

[Event "4NCL Division 4 South"]
[Site "Maidenhead, ENG"]
[Date "2020.02.08"]
[Round "5.111"]
[White "Ali, Golam S"]
[Black "Usher, Michael E"]
[Result "1/2-1/2"]
[WhiteElo "1824"]
[BlackElo "1673"]
[PlyCount "91"]
[EventDate "2020.02.08"]
[WhiteTeam "Warwickshire Select 2"]
[BlackTeam "Iceni 3"]

1. d4 e6 2. Nf3 f5 3. d5 d6 4. c4 e5 5. e4 Nf6 6. exf5 Bxf5 7. Nh4 Bg4 8. Be2
Bxe2 9. Qxe2 Nbd7 10. Bg5 Be7 11. Nf5 O-O 12. Nc3 Nxd5 13. Nxe7+ Nxe7 14. O-O
Nf6 15. f4 exf4 16. Qe6+ Kh8 17. Rae1 Ng6 18. Nd5 c6 19. Nxf6 gxf6 20. Bh6 Rg8
21. Rf2 Re8 22. Qxe8+ Qxe8 23. Rxe8+ Rxe8 24. h4 Re4 25. Rd2 Re6 26. b3 Kg8 27.
h5 Ne5 28. Bxf4 Kf7 29. Kh2 Ke7 30. Kh3 Nf7 31. Kg4 Ne5+ 32. Kf5 Nf7 33. g4 Re1
34. a4 Ne5 35. g5 fxg5 36. Bxg5+ Kd7 37. Bf4 Rf1 38. c5 Nf7 39. cxd6 Rh1 40.
Kg4 Rg1+ 41. Bg3 Ne5+ 42. Kh3 Rh1+ 43. Kg2 Rxh5 44. Rf2 Ke6 45. Rf8 Kxd6 46.
Rf7 1/2-1/2

[Event "4NCL Division 4 South"]
[Site "Maidenhead, ENG"]
[Date "2020.02.08"]
[Round "5.112"]
[White "John, Adam"]
[Black "Cundy, Mark A"]
[Result "1/2-1/2"]
[WhiteElo "1659"]
[BlackElo "1872"]
[PlyCount "53"]
[EventDate "2020.02.08"]
[WhiteTeam "Iceni 3"]
[BlackTeam "Warwickshire Select 2"]

1. e4 c5 2. g3 Nc6 3. Bg2 g6 4. d3 Bg7 5. c3 d6 6. f4 e6 7. Nf3 Nge7 8. O-O O-O
9. Na3 Rb8 10. Nc2 b5 11. Be3 b4 12. d4 bxc3 13. bxc3 Qa5 14. Qd2 Ba6 15. Rfb1
cxd4 16. Ncxd4 Rfd8 17. Rc1 Bc4 18. Nb3 Qa3 19. Rcb1 a5 20. Ne1 Qa4 21. Nc2 Qb5
22. Na3 Qa4 23. Nxc4 Qxc4 24. Rc1 a4 25. Nd4 a3 26. Rab1 Qa4 27. Nxc6 1/2-1/2

[Event "4NCL Division 4 South"]
[Site "Maidenhead, ENG"]
[Date "2020.02.08"]
[Round "5.113"]
[White "Shearsby, Jude"]
[Black "Norman, Dinah M"]
[Result "1/2-1/2"]
[WhiteElo "1847"]
[BlackElo "1696"]
[PlyCount "93"]
[EventDate "2020.02.08"]
[WhiteTeam "Warwickshire Select 2"]
[BlackTeam "Iceni 3"]

1. d4 d5 2. Bf4 Nf6 3. e3 c5 4. Nc3 e6 5. Nb5 Na6 6. Nf3 Be7 7. c3 O-O 8. Bd3
Qb6 9. a4 c4 10. Bc2 Bd7 11. Qe2 Bxb5 12. axb5 Qxb5 13. Ne5 Qb6 14. e4 Qd8 15.
exd5 Qxd5 16. Qf3 Qxf3 17. Nxf3 Nd5 18. Bg3 Nac7 19. Ne5 b5 20. Nc6 Bf6 21. Be4
Kh8 22. Bd6 Rfe8 23. Bxc7 Nxc7 24. Ne5 Nd5 25. Nxf7+ Kg8 26. Nd6 Reb8 27. O-O
a6 28. Bf3 Rb6 29. Ne4 Ra7 30. Rfe1 Kf7 31. Nc5 Nc7 32. Re2 a5 33. Rae1 b4 34.
Bh5+ g6 35. Bg4 bxc3 36. bxc3 a4 37. g3 a3 38. Ra1 h5 39. Bh3 g5 40. Bf1 Nd5
41. Rc2 Nxc3 42. Rxc3 Bxd4 43. Rcxa3 Rxa3 44. Rxa3 Bxc5 45. Rf3+ Ke7 46. Bxc4
Rb1+ 47. Kg2 1/2-1/2

[Event "4NCL Division 4 South"]
[Site "Maidenhead, ENG"]
[Date "2020.02.08"]
[Round "5.114"]
[White "Carter, Dominic A"]
[Black "Turner, Simon"]
[Result "0-1"]
[WhiteElo "1680"]
[BlackElo "1817"]
[PlyCount "76"]
[EventDate "2020.02.08"]
[WhiteTeam "Iceni 3"]
[BlackTeam "Warwickshire Select 2"]

1. e4 Nf6 2. e5 Nd5 3. d4 d6 4. Nf3 dxe5 5. Nxe5 c6 6. Bc4 Nd7 7. Qe2 g6 8.
Nxd7 Qxd7 9. Qe5 Nf6 10. Bg5 Bg7 11. c3 O-O 12. O-O Re8 13. h3 Nd5 14. Qe2 Qf5
15. Qd2 e5 16. Re1 Bd7 17. Bd3 Qe6 18. Na3 Qd6 19. Nc4 Qc7 20. Nxe5 Bxe5 21.
dxe5 Rxe5 22. c4 Nb6 23. Bf4 Rxe1+ 24. Rxe1 Qd8 25. Bg5 Qf8 26. Bh6 Qd8 27. Qc3
f6 28. c5 Nd5 29. Bc4 Kf7 30. Qb3 g5 31. h4 Kg6 32. Bxd5 cxd5 33. hxg5 fxg5 34.
Qxd5 Bf5 35. Qxb7 Kxh6 36. Re7 Qd1+ 37. Kh2 Rd8 38. Qxa7 Qh5+ 0-1

[Event "4NCL Division 4 South"]
[Site "Maidenhead, ENG"]
[Date "2020.02.08"]
[Round "5.115"]
[White "Chen, Daniel Xingyu"]
[Black "John, Amy"]
[Result "1-0"]
[WhiteElo "1832"]
[BlackElo "1472"]
[PlyCount "55"]
[EventDate "2020.02.08"]
[WhiteTeam "Warwickshire Select 2"]
[BlackTeam "Iceni 3"]

1. e4 e5 2. Nf3 Nc6 3. Bb5 d6 4. O-O Bd7 5. c3 a6 6. Ba4 Nf6 7. Re1 Be7 8. h3
O-O 9. d4 exd4 10. cxd4 h6 11. Nbd2 b5 12. Bc2 Bc8 13. Nf1 Bb7 14. Ng3 Nb4 15.
Bb1 Re8 16. d5 a5 17. a3 Na6 18. Nd4 Qd7 19. Nh5 Nc5 20. Nf5 Bf8 21. Nxh6+ Kh8
22. Nxf6 gxf6 23. Qh5 Kg7 24. Re3 Kh8 25. Nf5+ Kg8 26. Rg3+ Bg7 27. Rxg7+ Kf8
28. Qh8# 1-0

[Event "4NCL Division 4 South"]
[Site "Maidenhead, ENG"]
[Date "2020.02.08"]
[Round "5.121"]
[White "Sturt, Charles A"]
[Black "Sloan, Cecil"]
[Result "1/2-1/2"]
[WhiteElo "1416"]
[BlackElo "1735"]
[PlyCount "108"]
[EventDate "2020.02.08"]
[WhiteTeam "Celtic Tigers 3"]
[BlackTeam "Watford 2"]

1. e4 d5 2. exd5 Qxd5 3. Nc3 Qd8 4. d4 Nf6 5. Bf4 c6 6. Nf3 Bg4 7. Be2 e6 8.
O-O Bd6 9. Ne5 Bxe2 10. Nxe2 O-O 11. Bg5 Be7 12. c3 Nbd7 13. f4 Nd5 14. Bxe7
Qxe7 15. Qb3 Nxe5 16. dxe5 Rfd8 17. Rf3 Rd7 18. Nd4 Rad8 19. a3 Qc5 20. h3 Qb6
21. Qxb6 Nxb6 22. b3 a6 23. f5 exf5 24. Nxf5 Nc8 25. Raf1 Rd1 26. b4 Rxf1+ 27.
Kxf1 Kf8 28. Ke2 g6 29. Nh6 Rd7 30. e6 Re7 31. Rxf7+ Rxf7 32. exf7 Nd6 33. Kd3
Nxf7 34. Nxf7 Kxf7 35. Kd4 Ke6 36. Kc5 Kd7 37. Kb6 Kc8 38. c4 Kb8 39. a4 Kc8
40. b5 axb5 41. axb5 cxb5 42. cxb5 Kb8 43. h4 h6 44. g4 Kc8 45. Kc5 Kd7 46. Kb6
Kc8 47. Kc5 Kd7 48. Kd5 b6 49. Ke5 Ke7 50. Kd5 Kd7 51. Ke5 Ke7 52. g5 h5 53.
Kd5 Kd7 54. Ke5 Ke7 1/2-1/2

[Event "4NCL Division 4 South"]
[Site "Maidenhead, ENG"]
[Date "2020.02.08"]
[Round "5.122"]
[White "Charles, Simon"]
[Black "Nikolis, Konstantinos"]
[Result "1-0"]
[WhiteElo "1742"]
[BlackElo "1367"]
[PlyCount "205"]
[EventDate "2020.02.08"]
[WhiteTeam "Watford 2"]
[BlackTeam "Celtic Tigers 3"]

1. e4 d6 2. d4 Nf6 3. Nc3 g6 4. Be2 Bg7 5. f4 c5 6. d5 Qa5 7. Bd2 a6 8. a3 Qc7
9. Bf3 e6 10. Qe2 O-O 11. O-O-O exd5 12. exd5 Nbd7 13. g4 b5 14. g5 b4 15. Nb1
bxa3 16. Nxa3 Qb6 17. gxf6 Bxf6 18. Nc4 Qc7 19. Ba5 Qb8 20. Rd3 Ra7 21. Rb3 Rb7
22. Rxb7 Bxb7 23. Qd3 Ba8 24. Ne2 Re8 25. Nc3 Bg7 26. Kd1 Bh6 27. f5 Ne5 28.
Nxe5 Rxe5 29. fxg6 hxg6 30. Re1 Rxe1+ 31. Kxe1 Qxb2 32. Nd1 Qb5 33. Qxb5 axb5
34. Nc3 b4 35. Ne4 Bf4 36. h3 Kf8 37. Nd2 Bxd2+ 38. Kxd2 Ke7 $11 39. Kd3 Bb7
40. Kc4 Ba6+ 41. Kb3 Bf1 42. h4 Bb5 43. Bc7 Kd7 44. Bb6 Ke7 45. Ba5 Ke8 46. Kb2
Ke7 47. Kc1 Bc4 48. Kd2 Bb5 49. Ke3 Ba4 50. Bd1 Bb5 51. Kf4 Bc4 52. Bf3 f6 53.
Be4 g5+ 54. hxg5 fxg5+ 55. Kxg5 Be2 56. Kf4 Bc4 57. Ke3 Bb5 58. Bf5 Ba6 59. Bd3
Bb7 60. Bc4 Bc8 61. Kf4 Bd7 62. Bb6 Ba4 63. Bb3 Bb5 64. Ba5 Bd7 65. Ke3 Bb5 66.
Kd2 Ba6 67. Ba4 Bc4 68. Bc6 Ba6 69. Bc7 Bf1 70. Kc1 Bh3 71. Kb2 Bd7 72. Kb3 Bf5
73. Bb5 Be4 74. Bc4 Bf5 75. Bd3 Bd7 $11 76. Kc4 Ba4 77. Bb6 Kd7 78. Bxc5 dxc5
79. Kxc5 b3 80. c4 b2 81. Kb4 Bd1 82. c5 Bf3 83. Bf5+ Kc7 84. Kc4 Bh5 85. Kd4
Bf7 86. Bb1 Kd7 87. Ke5 Kc7 88. d6+ Kc6 89. Kd4 Be8 90. Kc4 Bf7+ 91. Kb4 Be6
92. Be4+ Kd7 93. Kc3 b1=Q 94. Bxb1 Kc6 95. Kb4 Kb7 96. Be4+ Kb8 97. Ka5 Kc8 98.
Kb6 Bd7 99. c6 Bg4 100. Bd3 Kd8 101. Bb5 Bd7 102. c7+ Ke8 103. c8=Q+ 1-0